Nenne ein gültiges Land #1 - Statistiken

Allgemein
  • Dieses Quiz wurde 237 mal gespielt
  • Das Durchschnittsergebnis liegt bei 15 aus 20
Antwortstatistiken
Nenne ein Land ... # Antwort % Korrekt
mit Land auf dem Äquator 11 Brasilien | Kolumbien | Demokratische Republik Kongo | Ecuador | Gabun | Indonesien | Kenia | Republik Kongo | São Tomé und Príncipe | Somalia | Uganda
96%
das komplett von einem anderen Land umschlossen ist 3 Lesotho | San Marino | Vatikanstadt
93%
dessen Flagge nur gelb und blau ist 4 Ukraine | Schweden | Kasachstan | Palau
93%
das an das Schwarze Meer grenzt 6 Bulgarien | Georgien | Rumänien | Russland | Türkei | Ukraine
89%
das nur an Indien und China grenzt 2 Bhutan | Nepal
88%
dessen Flagge nur weiß und blau ist 6 Griechenland | Finnland | Föderierte Staaten von Mikronesien | Honduras | Israel | Somalia
86%
mit einer durchschnittlichen Höhe von über 3000 Metern 3 Bhutan | Nepal | Tadschikistan
82%
das an das Rote Meer grenzt 8 Dschibuti | Ägypten | Eritrea | Israel | Jordanien | Saudi-Arabien | Sudan | Jemen
79%
von den Vereinigten Staaten alsStaat angesehen wird, der Terrorismus unterstützt 4 Kuba | Iran | Nordkorea | Syrien
78%
das an die Elfenbeinküste grenzt 5 Burkina Faso | Ghana | Guinea | Liberia | Mali
73%
dessen Hauptstadt mit J beginnt 3 Israel | Indonesien | Südsudan
71%
mit X im Namen 2 Luxemburg | Mexiko
70%
die mehr als 600.000 Tonnen Kaffee anbaut 4 Brasilien | Vietnam | Kolumbien | Indonesien
69%
das an den Viktoriasee grenzt 3 Kenia | Tansania | Uganda
68%
mit Territorium auf der Insel Borneo 3 Brunei | Indonesien | Malaysia
64%
das durchschnittlich weniger als 10 cm Niederschlag pro Jahr hat 7 Ägypten | Libyen | Saudi-Arabien | Vereinigte Arabische Emirate | Katar | Bahrain | Algerien
63%
das Unabhängigkeit von den Niederlanden erlangte 3 Belgien | Indonesien | Suriname
58%
dessen Bevölkerung zwischen 2000 und 2024 um mehr als eine Million zurückgegangen ist 5 Ukraine | Japan | Russland | Rumänien | Bulgarien
58%
in dem im Jahr 600 n. Chr. keine Menschen lebten 7 Bahamas | Kap Verde | Island | Mauritius | Neuseeland | São Tomé und Príncipe | Seychellen
52%
das von JetPunk, aber nicht der UN anerkennt wird 2 Kosovo | Taiwan
46%
Keine übereinstimmenden Quizze gefunden
Verteilung der Resultate
Anzahl Personen mit jedem Resultat
Perzentil nach korrekt beantworteten Fragen
Ihre Resultats-Entwicklung
Sie haben dieses Quiz noch nicht gespielt